000
00325pab a2200145 454500
008
180718b2005 xxu||||| |||| 00| 0 eng d
100
_a
Abdul Kalam, A.P.J.
245
_a
Integrated water mission
260
_c
2005
300
_a
p.2-5.
362
_a
Jun
650
_a
Water resources
773
_a
Yojana
909
_a
65653
999
_c
65653
_d
65653